000
00326 a2200157 4500
001
160136
020
_a
040
_c
Magnum
100
_a
-
240
1
0
_a
Rapunzel/contos de sempre/ftd
_l
por
245
1
0
_a
Rapunzel/contos de sempre/ftd
362
0
_a
1899
440
1
_a
FTD
697
_a
I/FADAS, FANTASIA
942
_c
BK
999
_c
160136
_d
160136